| 000 | 02911nam a2200289Ia 4500 | ||
|---|---|---|---|
| 005 | 20190320152815.0 | ||
| 008 | 130821s1744 it fr 1 latsd | ||
| 040 |
_aCo-BoUCM _bspa _cSandra Yazo _dSandra Yazo |
||
| 041 | 0 | _alat | |
| 082 | 0 | 4 |
_a220.9505 _220 |
| 092 | _aE09N046 | ||
| 100 | 1 |
_aAmat de Graveson, Ignace Hyacinthe _d1670-1733 _939046 |
|
| 242 | 0 | 0 |
_aHistoria eclesiástica del Antiguo Testamento para la formación teológica de los candidatos al sacerdocio. Incluye en este volumen tres tratados. _cAutor Fray Ignacio Jacinto Amat de Graveson. _yspa |
| 245 | 1 | 3 |
_aHistoria Ecclesiastica Veteris Testamenti in rem theologiae candidatorum … Opus ex tribus tomis in unum volumen redactum. _cAuctore Fr. Ignatio Hiacyntho Amat de Graveson |
| 246 | 2 | 8 | _aGraves. Historia. Veter. Test. |
| 250 | _aEditio tertia Veneta [Tercera edición de Venecia] | ||
| 260 |
_aVenetiis [Venecia] (Italia) _bApud Joannem Baptistam Recurti [En los talleres de Juan Bautista Recurti] _c1744 |
||
| 300 |
_a3 libros en el volumen (xxii, [2], 156 ; 188 ; 236 páginas) _c24 x 17 cm. |
||
| 500 | _aDetalles físicos: Encuadernación rígida en cartón delgado forrado en pergamino. Tapa delantera con borde con rotura, pergamino manchado. Guardas. Portada impresa en una sola tinta con un grabado decorativo (Representa la fe). Portadilla al inicio de cada libro. Dedicatoria. Prefacio. Licencias y permisos. Prologo inicial. Cenefas y remates. Mayúsculas capitales. Texto impreso en dos columnas separado por una línea vertical, texto en diferentes tipos y tamaños de letra. Página 91 cuadro. Signaturas y reclamos. Empieza a desencuadernarse. Papel con algunas manchas. Hojas con bordes irregulares | ||
| 505 | 0 | _aHistoria de las edades del mundo, libros 1 – 3: Primera edad: Creación del mundo ; Adán antes y después del pecado ; El diluvio ; Segunda edad: Solución de dudas ; Hechos de los patriarcas -- Tercera edad: Los patriarcas y sus profecías sobre Cristo ; Cuarta edad: La salida de Egipto ; El desierto ; La ley de Moisés ; Solución de dudas sobre la ley de Moisés ; Josué ; Reinado de Salomón -- Quinta edad: De Salomón a la cautividad de Babilonia ; Sexta edad: De la cautividad babilónica al nacimiento de Cristo | |
| 506 | _aConsulta en sala | ||
| 546 | _aTexto en latín | ||
| 650 | 7 |
_aHistoria sagrada _916948 _vManuales |
|
| 690 |
_aTeología _925230 |
||
| 856 | 4 | 1 |
_uhttps://books.google.com.co/books?id=QTo8U7ACSo8C&printsec=frontcover&dq=Historia+Ecclesiastica+Veteris+Testamenti+in+rem+theologiae+candidatorum+%E2%80%A6+Opus+ex+tribus+tomis+in+unum+volumen+redactum+1744&hl=es&sa=X&ved=0ahUKEwjslYWHx5HhAhUn2FkKHfXLDgMQ6AEILTAB#v=onepage&q=Historia%20Ecclesiastica%20Veteris%20Testamenti%20in%20rem%20theologiae%20candidatorum%20%E2%80%A6%20Opus%20ex%20tribus%20tomis%20in%20unum%20volumen%20redactum%201744&f=false _zDisponible en línea |
| 942 |
_cLIBRO _a4 _e1 _2LOCAL _h270 |
||
| 999 |
_c72794 _d72794 |
||